000
00260nam a2200097Ia 4500
001
1221744
005
20250827092835.0
008
250824s9999 xx 000 0 und d
245
0
_a
BEYİN DOSTU AİLE
_c
DR. KUDRET EREN YAVUZ
260
_b
CEZVE KİTAP YAYINLARI
999
_c
1221744
_d
1221744